[Event "Titled Tuesday intern op 25th Jul Late"]
[Site "Chess.com INT"]
[Date "2023.07.25"]
[Round "5"]
[White "Graif, William"]
[Black "Villa Tornero, Alex"]
[Result "0-1"]
[WhiteElo "2304"]
[BlackElo "2103"]
[PlyCount "136"]
[EventDate "2023.07.25"]
[EventType "swiss (blitz)"]
[EventRounds "11"]
[EventCountry "USA"]
[SourceTitle "EXT 2024"]
[Source "ChessBase"]
[SourceDate "2023.10.10"]
[SourceVersion "1"]
[SourceVersionDate "2023.10.10"]
[SourceQuality "1"]

1. e4 Nf6 2. e5 Nd5 3. Nf3 d6 4. Bc4 Nb6 5. Bxf7+ Kxf7 6. e6+ Bxe6 7. Ng5+ Ke8 8. Nxe6 Qd7 9. Qg4 Nc6 10. Nc3 Nd8 11. Nxg7+ Bxg7 12. Qxg7 Rf8 13. d3 Qf5 14. Be3 Kd7 15. h3 Ne6 16. Qg4 Qe5 17. 0-0-0 Rg8 18. Qf3 c6 19. g3 Raf8 20. Qe4 Qa5 21. Qxh7 d5 22. Qh4 Rh8 23. Qg4 Rhg8 24. Qh4 Nc8 25. Kb1 Nd6 26. Qa4 Qxa4 27. Nxa4 d4 28. Bxd4 Nxd4 29. Nc5+ Kc8 30. c3 N4b5 31. Rd2 Nc7 32. Ne4 Nxe4 33. dxe4 Rd8 34. Rhd1 Rxd2 35. Rxd2 Ne6 36. Kc2 Ng5 37. h4 Nxe4 38. Re2 Rg4 39. f3 Nxg3 40. fxg4 Nxe2 41. Kd3 Nf4+ 42. Ke4 Ng6 43. h5 Nf8 44. g5 Kd7 45. g6 Nxg6 46. hxg6 Ke6 47. g7 Kf7 48. Ke5 Kxg7 49. Ke6 Kf8 50. c4 Ke8 51. c5 Kd8 52. b3 b6 53. cxb6 axb6 54. b4 b5 55. a3 Ke8 56. Ke5 Kd7 57. Ke4 Kd6 58. Kd4 e5+ 59. Ke4 Ke6 60. Ke3 Kd5 61. Kd3 e4+ 62. Ke3 Ke5 63. Ke2 Kd4 64. Kd2 Kc4 65. Ke3 Kb3 66. Kxe4 Kxa3 67. Kd3 Kxb4 68. Kc2 c5 0-1

[Event "Titled Tuesday intern op 18th Jul Late"]
[Site "Chess.com INT"]
[Date "2023.07.18"]
[Round "9"]
[White "Arabidze, Meri"]
[Black "Graif, William"]
[Result "1-0"]
[WhiteElo "2451"]
[BlackElo "2304"]
[PlyCount "99"]
[EventDate "2023.07.18"]
[EventType "swiss (blitz)"]
[EventRounds "11"]
[EventCountry "USA"]
[SourceTitle "EXT 2024"]
[Source "ChessBase"]
[SourceDate "2023.10.10"]
[SourceVersion "1"]
[SourceVersionDate "2023.10.10"]
[SourceQuality "1"]

1. Nf3 d5 2. g3 c6 3. Bg2 Bg4 4. 0-0 Nd7 5. c4 e6 6. Qb3 Qb6 7. d3 Ngf6 8. Be3 Bc5 9. d4 Be7 10. c5 Qxb3 11. axb3 Bxf3 12. exf3 e5 13. b4 a6 14. Nd2 exd4 15. Bxd4 Nf8 16. Nb3 Ne6 17. Bh3 Nxd4 18. Nxd4 0-0 19. Rfe1 Rfe8 20. Nb3 Bd8 21. Rxe8+ Nxe8 22. Re1 Kf8 23. Kg2 Nf6 24. f4 g6 25. f3 Bc7 26. Kf2 Ng8 27. Nd4 Ne7 28. Bf1 Re8 29. h4 Ng8 30. Rd1 f5 31. Bd3 Kf7 32. h5 Kf6 33. Rh1 Ne7 34. hxg6 hxg6 35. Rh7 Rf8 36. Ke3 Bd8 37. g4 fxg4 38. fxg4 g5 39. f5 Bc7 40. Ne6 Rc8 41. Rh6+ Kf7 42. Nxg5+ Ke8 43. Rh8+ Kd7 44. Rxc8 Kxc8 45. f6 Ng6 46. Bxg6 Bd8 47. Bf5+ Kc7 48. Ne6+ Kc8 49. Nxd8+ Kxd8 50. g5 1-0

[Event "Titled Tuesday intern op 18th Jul Late"]
[Site "Chess.com INT"]
[Date "2023.07.18"]
[Round "2"]
[White "Karacsonyi, Gellert"]
[Black "Graif, William"]
[Result "1-0"]
[WhiteElo "2386"]
[BlackElo "2304"]
[PlyCount "89"]
[EventDate "2023.07.18"]
[EventType "swiss (blitz)"]
[EventRounds "11"]
[EventCountry "USA"]
[SourceTitle "EXT 2024"]
[Source "ChessBase"]
[SourceDate "2023.10.10"]
[SourceVersion "1"]
[SourceVersionDate "2023.10.10"]
[SourceQuality "1"]

1. e4 e5 2. Nf3 Bc5 3. c3 d5 4. exd5 Nf6 5. Nxe5 0-0 6. d4 Qxd5 7. Qf3 Bd6 8. Qxd5 Nxd5 9. Bc4 Be6 10. 0-0 Bxe5 11. dxe5 Nxc3 12. Nxc3 Bxc4 13. Rd1 Nc6 14. f4 Rad8 15. Be3 b6 16. b3 Bd3 17. Rd2 Rd7 18. Rc1 Rfd8 19. Kf2 Kf8 20. Nd1 Ne7 21. Nb2 c5 22. Nxd3 Rxd3 23. Rxd3 Rxd3 24. Ke2 Rd5 25. Rc4 h5 26. b4 cxb4 27. Rxb4 Ke8 28. Ra4 Nc6 29. h3 Kd7 30. g4 hxg4 31. hxg4 Ra5 32. Rxa5 Nxa5 33. Kd3 g6 34. Ke4 Nc4 35. Bc1 b5 36. Kd5 a6 37. f5 gxf5 38. gxf5 Nb6+ 39. Kc5 Na4+ 40. Kd4 Kc6 41. Ba3 Nb6 42. Bc5 Nd7 43. Bd6 a5 44. Be7 Nb6 45. Bd8 1-0

[Event "Titled Tuesday intern op 18th Jul Late"]
[Site "Chess.com INT"]
[Date "2023.07.18"]
[Round "6"]
[White "Olsen, Filip Boe"]
[Black "Graif, William"]
[Result "1-0"]
[WhiteElo "2421"]
[BlackElo "2304"]
[PlyCount "105"]
[EventDate "2023.07.18"]
[EventType "swiss (blitz)"]
[EventRounds "11"]
[EventCountry "USA"]
[SourceTitle "EXT 2024"]
[Source "ChessBase"]
[SourceDate "2023.10.10"]
[SourceVersion "1"]
[SourceVersionDate "2023.10.10"]
[SourceQuality "1"]

1. d4 Nf6 2. g3 d5 3. Bg2 c6 4. Nd2 Bf5 5. Nh3 Nbd7 6. 0-0 Qb6 7. c3 h5 8. Nf3 Ne4 9. Nfg5 h4 10. Nxe4 dxe4 11. Ng5 Nf6 12. Qc2 hxg3 13. fxg3 g6 14. Nxe4 0-0-0 15. Rxf5 gxf5 16. Nxf6 exf6 17. Qxf5+ Kb8 18. Qxf6 Bd6 19. e4 c5 20. e5 cxd4 21. exd6 dxc3+ 22. Qf2 Qxf2+ 23. Kxf2 cxb2 24. Bxb2 Rxh2 25. Be5 Rh5 26. Bf4 Rf5 27. Re1 Rxd6 28. Kg1 Rxf4 29. gxf4 Rd2 30. a4 Rd4 31. Re4 Rd1+ 32. Kf2 Rd7 33. Rb4 b6 34. Kg3 Kc7 35. a5 bxa5 36. Rb7+ Kd6 37. Rxd7+ Kxd7 38. Kg4 Kd6 39. Kf5 a4 40. Be4 a3 41. Bb1 Ke7 42. Ba2 a6 43. Ke5 a5 44. Kf5 a4 45. Ke5 Ke8 46. Kf6 Kf8 47. Bxf7 a2 48. Bxa2 Ke8 49. Kg7 Ke7 50. f5 Ke8 51. f6 a3 52. f7+ Kd7 53. f8Q 1-0

[Event "Titled Tuesday intern op 18th Jul Late"]
[Site "Chess.com INT"]
[Date "2023.07.18"]
[Round "10"]
[White "Omelja, Artem"]
[Black "Graif, William"]
[Result "0-1"]
[WhiteElo "2457"]
[BlackElo "2304"]
[PlyCount "84"]
[EventDate "2023.07.18"]
[EventType "swiss (blitz)"]
[EventRounds "11"]
[EventCountry "USA"]
[SourceTitle "EXT 2024"]
[Source "ChessBase"]
[SourceDate "2023.10.10"]
[SourceVersion "1"]
[SourceVersionDate "2023.10.10"]
[SourceQuality "1"]

1. h3 e5 2. a3 d5 3. c4 d4 4. d3 a5 5. Nf3 Nc6 6. g3 f5 7. Nbd2 Nf6 8. Bg2 Bd6 9. 0-0 0-0 10. Nh2 Qe7 11. Rb1 e4 12. dxe4 fxe4 13. Nb3 Be5 14. Bg5 a4 15. Nd2 e3 16. f4 Bd6 17. Ne4 Bf5 18. Nxd6 Bxb1 19. Nxb7 Be4 20. Bxe4 Qxe4 21. Nc5 Qf5 22. Nxa4 Qxh3 23. Nc5 Qxg3+ 24. Kh1 Ng4 25. Nxg4 Qxg4 26. Qe1 Qh3+ 27. Kg1 Ra5 28. Nd3 Raf5 29. Qh4 Qxh4 30. Bxh4 h6 31. Bg3 g5 32. b4 h5 33. Bh2 h4 34. b5 Na5 35. Ne5 gxf4 36. Nf3 Nxc4 37. Nxd4 Rg5+ 38. Kh1 Nd2 39. Rxf4 Rxf4 40. Bxf4 Rd5 41. Bxe3 Nc4 42. Bf2 Nxa3 0-1